Central Library OPAC University of Rajshahi

Chromatographic and electrophoretic techniques / (Record no. 69395)

MARC details
000 -LEADER
fixed length control field 00813nam a2200253 a 4500
001 - CONTROL NUMBER
control field 69395
003 - CONTROL NUMBER IDENTIFIER
rucl marc code BD-RjUL
005 - DATE AND TIME OF LATEST TRANSACTION
control field 20211209081900.0
008 - FIXED-LENGTH DATA ELEMENTS--GENERAL INFORMATION
fixed length control field 170411r19611960enka b 001 0 eng d
035 ## - SYSTEM CONTROL NUMBER
System control number (BD-RjUL)69606
040 ## - CATALOGING SOURCE
Original cataloging agency BD-RjUL
Language of cataloging eng
Transcribing agency BD-RjUL
041 ## - LANGUAGE CODE
Language code of text/sound track or separate title eng
082 ## - DEWEY DECIMAL CLASSIFICATION NUMBER
Edition number 23
Classification number 543.8
Author mark and year CHR 1961
245 00 - TITLE STATEMENT
Title Chromatographic and electrophoretic techniques /
Statement of responsibility, etc. edited by Ivor Smith.
260 ## - PUBLICATION, DISTRIBUTION, ETC. (IMPRINT)
Place of publication, distribution, etc. London ;
Name of publisher, distributor, etc. Heinemann Medical ;
Place of publication, distribution, etc. New York :
Name of publisher, distributor, etc. Interscience Publishers,
Date of publication, distribution, etc. 1960 [Reprinted 1961]
300 ## - PHYSICAL DESCRIPTION
Pagination 2 v. :
Illustrations ill. ;
Size 23 cm.
504 ## - BIBLIOGRAPHY, ETC. NOTE
Bibliography, etc Includes indexes and references
505 0# - FORMATTED CONTENTS NOTE
Formatted contents note Vol. Chromatography V. 2. Zone electroscopes.
650 #0 - SUBJECT ADDED ENTRY--TOPICAL TERM
Topical term or geographic name as entry element Chromatography
9 (RLIN) 205581
Topical term or geographic name as entry element Electrophoresis
9 (RLIN) 205582
700 1# - ADDED ENTRY--PERSONAL NAME
Personal name Smith, Ivor.
942 ## - ADDED ENTRY ELEMENTS (KOHA)
Source of classification or shelving scheme Dewey Decimal Classification
Koha item type Books
Holdings
Lost status Source of classification or shelving scheme Damaged status Not for loan Collection code Permanent Location Current Location Shelving location Date acquired Source of acquisition Cost, normal purchase price Total Checkouts Full call number Date last seen Copy number Koha item type
  Dewey Decimal Classification   Not For Loan Non-fiction Central Library, University of Rajshahi Central Library, University of Rajshahi Reading Room 09/12/2021 Clombo plan 0.00   543.8 CHR V-2 1961 11/04/2017 C-1 Books
  Dewey Decimal Classification   Not For Loan Non-fiction Central Library, University of Rajshahi Central Library, University of Rajshahi Reading Room 28/02/1962 Colonlo plan 0.00   543.8 CHR V-1 1960 25/05/2017 C-1 Books